01119 2200325 4500001002100000005001500021035002000036007000300056008004100059336002100100337002300121338003800144040002200182245013300204300003100337020002200368082001200390084001400402264004400416500006900460650002800529850001200557856007500569100003000644700002500674700003000699852002000729990002200749990002200771INLIS00000000086270220210803080629 a0010-0721000937ta210705s2014 jkia gs ind d 2rdacontentateks 2rdamediaakomputer 2rdacarrierasumber sambung jaring aYOPDYOGbinderda10aKearifan lokal keunggulan global :bcakrawala baru di era globalisasi /cpenulis, Hana Panggabean, Hora Tjitra, Juliana Murniati a1 berkas komputer (6,1 MB) a978-602-02-5606-104223a306 a306 PAN k31aJakarta :bElex Media Komputindo,c2014 aUntuk mengakses buku ini silakan unduh aplikasi http://ijogja.id 4aKebudayaan--zIndonesia aYOPDYOG nPerpustakaan Digital iJogjauhttp://iJogja.id/publications/books/138861 aPanggabean, Hanaepenulis0 aHora Tjitraepenulis0 aJuliana Murniatiepenulis aaplikasi iJogja a001457-EPD/B.2016 a001458-EPD/B.2016